| 000 | 00687nam a2200217Ia 4500 | ||
|---|---|---|---|
| 008 | 131103s9999 xx 000 0 und d | ||
| 020 |
_a819022820X _cRs.875.00 |
||
| 040 | _aLoreto College | ||
| 041 | _aEnglish | ||
| 082 |
_a791.43/SAR _bLCLIB/48845 |
||
| 245 |
_aCreative nation _b Australian cinema and cultural studies reader _cEdited by Amit Sarwal and Reema Sarwal |
||
| 260 |
_aNew Delhi _bSSS Publications _c2009 |
||
| 300 |
_alii,600p _c 18cm |
||
| 440 | _aCinema,literature and culture series | ||
| 504 | _aIncludes bibliographical references | ||
| 650 | _aMotion pictures | ||
| 651 | _aFilms-Australia | ||
| 700 | _aSarwal,Amit,ed. | ||
| 850 | _aLCLIB | ||
| 942 | _cBK | ||
| 999 |
_c37394 _d87873 |
||